00581nam a2200157Ia 4500008004100000020005500041040000800096082001900104100001900123245007300142260000900215264005100224942001300275952012000288999001500408231129s2001||||xx |||||||||||||| ||spa|| a84-01-37699-8  bspa a291.211 Ch549c aChopra Deepak 0aConocer a Dios: El viaje del alma hacia el misterio de los misterios c2001 aBarcelona España : Plaza & Janés Editores 2ddccBKS 00102ddc4070aBRCbBRCd2015-08-14l1o291.211 Ch549cp36148r2026-04-28 10:52:46s2026-04-09t1w2023-11-29yBK c7926d7926